书目信息 |
| 题名: |
农业科学学科发展报告
|
|
| 作者: | ;中国科学技术协会 主编 ;中国农学会 编著 | |
| 分册: | ||
| 出版信息: | 北京 中国科学技术出版社 2007.03 |
|
| 页数: | 201页 | |
| 开本: | 26cm | |
| 丛书名: | 中国科协学科发展研究系列报告 | |
| 单 册: | ||
| 中图分类: | S-12 | |
| 科图分类: | ||
| 主题词: | 农业科学--nong ye ke xue--研究报告--中国--2006-2007 | |
| 电子资源: | ||
| ISBN: | 978-7-5046-4520-3 | |
| 000 | 01283nam 2200277 450 | |
| 001 | 012007334393 | |
| 005 | 20070924162057.90 | |
| 010 | @a978-7-5046-4520-3@dCNY32.00 | |
| 100 | @a20070817d2007 km y0chiy0120 ea | |
| 101 | 0 | @achi |
| 102 | @aCN@b110000 | |
| 105 | @aa a 000yy | |
| 200 | 1 | @a农业科学学科发展报告@Anong ye ke xue xue ke fa zhan bao gao@e基础农学@f中国科学技术协会主编@Fzhong guo ke xue ji shu xie hui zhu bian@g中国农学会编著@Gzhong guo nong xue hui bian zhu |
| 210 | @a北京@c中国科学技术出版社@d2007.03 | |
| 215 | @a201页@c图@d26cm | |
| 225 | 2 | @a中国科协学科发展研究系列报告@Azhong guo ke xie xue ke fa zhan yan jiu xi lie bao gao@e2006-2007 |
| 320 | @a有书目。 | |
| 330 | @a本书由综合报告、专题报告两部分组成。综合报告论述了基础农学学科的地位和作用,分析了农业科学学科的现状,概述了农业科学及主要分支学科的重要进展,重点研究了当代农业科学学科的特点与趋势,最后提出了加快农学学科发展的政策性建议。 | |
| 410 | 0 | @12001 @a中国科协学科发展研究系列报告 |
| 517 | 1 | @a基础农学@Aji chu nong xue |
| 606 | 0 | @a农业科学@Anong ye ke xue@x研究报告@y中国@z2006-2007 |
| 690 | @aS-12@v4 | |
| 711 | 02 | @a中国科学技术协会@Azhong guo ke xue ji shu xie hui@4主编 |
| 712 | 02 | @a中国农学会@Azhong guo nong xue hui@4编著 |
| 801 | 0 | @aCN@c20070924 |
| 905 | @dS-12@eZ572 | |
| 农业科学学科发展报告:基础农学/中国科学技术协会主编/中国农学会编著.-北京:中国科学技术出版社,2007.03 |
| 201页:图;26cm.-(中国科协学科发展研究系列报告:2006-2007) |
| ISBN 978-7-5046-4520-3:CNY32.00 |
| 本书由综合报告、专题报告两部分组成。综合报告论述了基础农学学科的地位和作用,分析了农业科学学科的现状,概述了农业科学及主要分支学科的重要进展,重点研究了当代农业科学学科的特点与趋势,最后提出了加快农学学科发展的政策性建议。 |
| ● |
| 相关链接 |
|
|
|
正题名:农业科学学科发展报告
索取号:S-12/Z572
 
预约/预借
| 序号 | 登录号 | 条形码 | 馆藏地/架位号 | 状态 | 备注 |
| 1 | 257492 | 202574927 | 自科库401/401自科库 66排5列3层/ [索取号:S-12/Z572] | 在馆 | |
| 2 | 257493 | 202574936 | 自科库401/401自科库 66排5列3层/ [索取号:S-12/Z572] | 在馆 |